<?xml version="1.0" encoding="UTF-8"?>
<record
    xmlns:xsi="http://www.w3.org/2001/XMLSchema-instance"
    xsi:schemaLocation="http://www.loc.gov/MARC21/slim http://www.loc.gov/standards/marcxml/schema/MARC21slim.xsd"
    xmlns="http://www.loc.gov/MARC21/slim">

  <leader>01069nam a2200241 a 4500</leader>
  <controlfield tag="001">657</controlfield>
  <controlfield tag="005">20221127090009.0</controlfield>
  <controlfield tag="008">050920s       lua            00000 ara d</controlfield>
  <datafield tag="020" ind1=" " ind2=" ">
    <subfield code="a">9773580032 :</subfield>
    <subfield code="c">&#x631;&#x633; 60.00</subfield>
  </datafield>
  <datafield tag="035" ind1=" " ind2=" ">
    <subfield code="a">670</subfield>
  </datafield>
  <datafield tag="082" ind1="0" ind2="4">
    <subfield code="a">658.409</subfield>
    <subfield code="b">&#x647;&#x640; 619</subfield>
  </datafield>
  <datafield tag="100" ind1="1" ind2=" ">
    <subfield code="a">&#x647;&#x64A;&#x646;&#x643;&#x60C; &#x648;&#x644;&#x64A;&#x627;&#x645;.</subfield>
  </datafield>
  <datafield tag="245" ind1="1" ind2="0">
    <subfield code="a">&#x62A;&#x628;&#x646;&#x649; &#x627;&#x644;&#x627;&#x641;&#x643;&#x627;&#x631; &#x627;&#x644;&#x62C;&#x62F;&#x64A;&#x62F;&#x629; &#x641;&#x64A; &#x638;&#x644; &#x627;&#x644;&#x639;&#x648;&#x644;&#x645;&#x629; :</subfield>
    <subfield code="b">21 &#x642;&#x627;&#x639;&#x62F;&#x629; &#x630;&#x647;&#x628;&#x64A;&#x629; &#x644;&#x631;&#x62C;&#x644; &#x627;&#x644;&#x627;&#x639;&#x645;&#x627;&#x644; &#x627;&#x644;&#x646;&#x627;&#x62C;&#x62D; /</subfield>
    <subfield code="c">&#x62A;&#x627;&#x644;&#x64A;&#x641; &#x648;&#x644;&#x64A;&#x627;&#x645; &#x647;&#x64A;&#x646;&#x643;&#x60C; &#x62C;&#x648;&#x646;&#x627;&#x62B;&#x627;&#x646; &#x645;&#x627;&#x631;&#x634; &#x61B; &#x62A;&#x631;&#x62C;&#x645;&#x629; &#x639;&#x628;&#x62F;&#x627;&#x644;&#x62D;&#x643;&#x645; &#x627;&#x62D;&#x645;&#x62F; &#x627;&#x644;&#x62E;&#x632;&#x627;&#x645;&#x64A;.</subfield>
  </datafield>
  <datafield tag="250" ind1=" " ind2=" ">
    <subfield code="a">&#x637;. 1.</subfield>
  </datafield>
  <datafield tag="260" ind1=" " ind2=" ">
    <subfield code="a">&#x627;&#x644;&#x642;&#x627;&#x647;&#x631;&#x629; :</subfield>
    <subfield code="b">&#x62F;&#x627;&#x631; &#x627;&#x644;&#x641;&#x62C;&#x631;&#x60C;</subfield>
    <subfield code="c">2003.</subfield>
  </datafield>
  <datafield tag="300" ind1=" " ind2=" ">
    <subfield code="a">223 &#x635;. &#x61B;</subfield>
    <subfield code="c">24 &#x633;&#x645;.</subfield>
  </datafield>
  <datafield tag="500" ind1=" " ind2=" ">
    <subfield code="a">&#x62A;&#x631;&#x62C;&#x645;&#x629; &#x644;&#x643;&#x62A;&#x627;&#x628; : The entrepreneur : twenty-one golden rules for global business manager / Wiliam E. Heinecke.</subfield>
  </datafield>
  <datafield tag="650" ind1=" " ind2="4">
    <subfield code="a">&#x627;&#x644;&#x642;&#x64A;&#x627;&#x62F;&#x629; &#x627;&#x644;&#x627;&#x62F;&#x627;&#x631;&#x64A;&#x629;.</subfield>
  </datafield>
  <datafield tag="650" ind1=" " ind2="4">
    <subfield code="a">&#x627;&#x62F;&#x627;&#x631;&#x629; &#x627;&#x644;&#x627;&#x639;&#x645;&#x627;&#x644;.</subfield>
  </datafield>
  <datafield tag="650" ind1=" " ind2="4">
    <subfield code="a">&#x627;&#x644;&#x646;&#x62C;&#x627;&#x62D; &#x627;&#x644;&#x627;&#x62F;&#x627;&#x631;&#x64A;.</subfield>
  </datafield>
  <datafield tag="700" ind1="1" ind2=" ">
    <subfield code="a">&#x645;&#x627;&#x631;&#x634;&#x60C; &#x62C;&#x648;&#x646;&#x627;&#x62B;&#x627;&#x646;&#x60C;</subfield>
    <subfield code="e">&#x645;. &#x645;&#x634;&#x627;&#x631;&#x643;.</subfield>
  </datafield>
  <datafield tag="700" ind1="1" ind2=" ">
    <subfield code="a">&#x627;&#x644;&#x62E;&#x632;&#x627;&#x645;&#x64A;&#x60C; &#x639;&#x628;&#x62F;&#x627;&#x644;&#x62D;&#x643;&#x645; &#x627;&#x62D;&#x645;&#x62F;&#x60C;</subfield>
    <subfield code="e">&#x645;&#x62A;&#x631;&#x62C;&#x645;</subfield>
  </datafield>
  <datafield tag="999" ind1=" " ind2=" ">
    <subfield code="c">657</subfield>
    <subfield code="d">657</subfield>
  </datafield>
  <datafield tag="952" ind1=" " ind2=" ">
    <subfield code="0">0</subfield>
    <subfield code="1">0</subfield>
    <subfield code="4">0</subfield>
    <subfield code="7">0</subfield>
    <subfield code="a">CENTRAL</subfield>
    <subfield code="b">CENTRAL</subfield>
    <subfield code="d">2022-11-27</subfield>
    <subfield code="l">0</subfield>
    <subfield code="o">658.409 &#x645;DC 619</subfield>
    <subfield code="p">1000000004195</subfield>
    <subfield code="r">2022-11-27 00:00:00</subfield>
    <subfield code="t">C1</subfield>
    <subfield code="w">2022-11-27</subfield>
    <subfield code="y">BK</subfield>
  </datafield>
</record>
